LEADER 00818cam0 2200241 450 001 E600200026883 005 20180502140420.0 100 $a20070502d2004 |||||ita|0103 ba 101 $aita 102 $aIT 200 1 $aHomeland Security 210 $aRoma$cMeltemi$d2004 215 $a129 p.$cfot.$d24 cm. 300 $aGomorra : territori e culture della metropoli contemporanea; Semestrale, anno IV, marzo 2004, n. 6 n.s. 801 0$aIT$bUNISOB$c20180502$gRICA 850 $aUNISOB 852 $aUNISOB$jFondo|Petrillo$m134782 912 $aE600200026883 940 $aM 102 Monografia moderna SBN 941 $aM 957 $aFondo|Petrillo$b000041$gRIS$d134782$hPetrillo$racquisto$1catenacci$2UNISOB$3UNISOB$420070502132236.0$520151014134057.0$6catenacci 996 $aHomeland Security$91686681 997 $aUNISOB LEADER 01140cam0-22003251i-450 001 990002891410403321 005 20221219090309.0 010 $a88-204-2167-4 035 $a000289141 035 $aFED01000289141 035 $a(Aleph)000289141FED01 100 $a20030910d1981----km-y0itay50------ba 101 0 $aita 102 $aIT 200 1 $aProcedure e strumenti per la diagnosi di piccole e medie imprese industriali$esettore costruzione di mobili e arredamenti in legno$fIASM, Istituto per l'assistenza allo sviluppo del Mezzogiorno 210 $aMilano$cFrancoAngeli$d1981 215 $a298 p.$d28 cm 225 1 $aIASM$fIstituto per l'assistenza allo sviluppo del Mezzogiorno$v5 710 01$aIstituto per l'assistenza allo sviluppo del Mezzogiorno$011695 801 0$aIT$bUNINA$gRICA$2UNIMARC 901 $aBK 912 $a990002891410403321 952 $a0-9-236-TI$b157$fECA 952 $aXV R 468$bs.i.$fDTE 952 $a9-7-227-TI$bn.i.$fECA 952 $aXV R 513 959 $aDTE 959 $aECA 996 $aProcedure e strumenti per la diagnosi di piccole e medie imprese industriali$9457671 997 $aUNINA